Responses for Show #5319 - Thursday, October 25, 2007

Nick Swezey game 4.

Contestants

[<< previous game]

Kevin Antonio, a stay-at-home dad and cartoonist from Rumford, Rhode Island

Tracy Martinell Henry, an attorney from St. Petersburg, Florida

Nick Swezey, a publisher from Washington, D.C. (whose 3-day cash winnings total $76,202)

[next game >>]

Jeopardy! Round responses

A HOSTEL TAKEOVER
BEST FEMALE ROCK VOCAL GRAMMYS
FOOD STUFF
RECENTLY DISCOVERED PRESIDENTIAL ADS
ODDS & ENDS
"J" PEG
    $200 26
Copenhagen

Nick
    $200 11
Alanis Morissette

Tracy
    $200 6
fettuccine

Tracy
    $200 16
Lincoln

Nick
    $200 21
a queen

Kevin
    $200 1
a junkyard dog

Tracy
    $400 27
Budapest

Tracy
    $400 12
Melissa Etheridge

Tracy
    $400 7
cod

Nick
    $400 17
Thomas Jefferson

Kevin
    $400 22
fractures

Tracy
    $400 2
Johnny-on-the-spot

Tracy
    $600 28
Bucharest

Kevin
    $600 13
Donna Summer

Kevin
    $600 8
food combining

Triple Stumper
    $600 18
(Nick: Who is FDR?)

Herbert Hoover

NickKevin
    $600 23
the northern lights

Tracy
    $600 3
justice

Tracy
    $800 29
Amsterdam

Tracy
    $800 14
Pat Benatar

Kevin
    $800 9
a gizzard

Tracy
    $400 19
(Kevin: Who is James Monroe?)

Andrew Jackson

Kevin
    $800 24
a bull

Tracy
    $800 4
jousting

Kevin
    $1000 30
Sofia

Tracy
    $1000 15
Sheryl Crow

Triple Stumper
    $1000 10
The Jungle

Kevin
    $1000 20
(Ulysses) Grant

Tracy
    $1000 25
twice a day

Nick
    $1000 5
Jordan

Tracy

Scores at the first commercial break (after clue 15):

Nick Tracy Kevin
$400 $3,800 $3,200

Scores at the end of the Jeopardy! Round:

Nick Tracy Kevin
$1,200 $8,800 $4,600

Double Jeopardy! Round responses

1997
ROYALTY ON FILM
CRITTERS
A GAME OF NUMBERS
ALLITERATIVE AUTHORS
SEEING "RED"
    $400 22
the cigarette industry (or the tobacco industry)

Tracy
    $400 17
Elizabeth II

Kevin
    $400 16
a skunk

Nick
    $400 11
18

Tracy
    $400 1
Margaret Mitchell

Tracy
    $400 6
red cent

Nick
    $2,000 23
(Tracy: What is... Explorer?)
...
(Alex: Glad you didn't say Natty Bumppo.)

Pathfinder

Tracy
    $800 18
Elizabeth I

Kevin
    $800 27
a koala bear

Nick
    $800 12
24

Kevin
    $800 2
Sidney Sheldon

Kevin
    $800 7
(Tracy: What are Red Whips?)

Red Vines

Tracy
Triple Stumper
    $1200 24
Martin Luther King III

Triple Stumper
    $1200 19
Marie Antoinette

Tracy
    $1200 28
a chinchilla

Nick
    $1200 13
[NOTE: The clue is itself a haiku!]

3

Tracy
    $4,000 3
James Joyce

Kevin
    $1200 8
Red Adair

Kevin
    $1600 25
(Alex: Obviously not widely reported. [*].)

American Airlines

Triple Stumper
    $1600 20
Henry VIII

Kevin
    $1600 29
a buffalo

Tracy
    $1600 14
(Kevin: What is 9?)
(Nick: What is 7?)

10

NickKevin
Triple Stumper
    $1600 4
Shel Silverstein

Tracy
    $1600 9
(Tracy: Who is Redgrave?)
(Alex: Which one?)
(Tracy: John.)
...
(Alex: [*], yes the father of Lynn and Vanessa.)

Michael Redgrave

TracyKevin
    $2000 26
(Alberto) Fujimori

Nick
    $2000 21
(Kevin: Who is Catherine of Aragon?)

Eleanor of Aquitaine

NickKevin
    $2000 30
an iguana

Triple Stumper
    $2000 15
(Kevin: What is 14?)

60 (triple 20)

Kevin
Triple Stumper
    $2000 5
Thomas Tryon

Tracy
    $2000 10
Red Bank

Nick

Scores at the end of the Double Jeopardy! Round:

Nick Tracy Kevin
$8,400 $13,200 $10,200

[wagering suggestions for these scores]

Final Jeopardy! Round responses

16th CENTURY NAMES
(Alex: [To Kevin] And he came up with... Lady Godi...)
[Laughter]
(Alex: W-wait a minute! Wait a minute! "I am Pope Paul III... can't I satisfy my desire, Lady Godiva?")
[Alex and the audience laugh]
(Alex: I'd give you a yes just for the humor!)
...
(Alex: [To Tracy] Do we have Lady Godiva or [*]?)
NickWho is A RA [the rest barely squeezed in] Michel angelo?
$7,500
KevinWho is Lady Godiva
$10,000
TracyWho is Michelangelo?
$7,201
Michelangelo

Final scores:

Nick Tracy Kevin
$15,900 $20,401 $200
2nd place: $2,000 New champion: $20,401 3rd place: $1,000

Game dynamics:

Coryat scores:

Nick Tracy Kevin
$8,400 $15,200 $7,800
11 R,
2 W
23 R,
3 W
(including 1 DD)
16 R
(including 1 DD),
4 W
(including 1 DD)

Combined Coryat: $31,400

[game clues] [game scores] [suggest correction]

Game tape date: 2007-07-31
The J! Archive is created by fans, for fans. Scraping, republication, monetization, and malicious use prohibited; this site may use cookies and collect identifying information. See terms. The Jeopardy! game show and all elements thereof, including but not limited to copyright and trademark thereto, are the property of Jeopardy Productions, Inc. and are protected under law. This website is not affiliated with, sponsored by, or operated by Jeopardy Productions, Inc. Join the discussion at JBoard.tv.